01063nam a2200253 a 4500001001000000003000500010005001700015008004100032010001100073011001100084040000900095100003200104245022200136260004100358500006000399502009900459650004600558650001900604650002900623650003300652650002400685700003000709856007000739000111016CHAP20220329144154.0141125s2014 mx a fsm |||||||spa d a107478 a108450 cCHAP1 aGuerrero Santana, Alejandro10aAnálisis y modelación del flujo de aire en invernaderos multi-túnel mediante anemometría sónica y dinámica computacional de fluidosh[En línea]cpor Alejandro Guerrero Santana y Fernando Pérez Segundo. aChapingo, Méx. :bEl autor,c2014. aPara ver el contenido del material haga clic en la liga aTesis (Ing. Mecánico Agrícola) -- UACH. Departamento de Ingeniería Mecánico Agrícola14aAgriculturaxInnovaciones tecnológicas.14aAnemómetros.14aCultivos en invernadero.14aInvernaderosxVentilación.14aVientosxVelocidad.1 aPérez Segundo, Fernando aFinding aiduhttp://10.13.5.2/tesis/sist111016.pdfzTeclea aquí